Statistics for Countries by most circulated newspaper

Click here to take the quiz!

General Stats

  • This quiz has been taken 43 times
  • The average score is 12 of 20

Answer Stats

NewspaperCountry% Correct
Toronto StarCanada
93%
The Wall Street JournalUnited States
93%
The SunUnited Kingdom
90%
Yomiuri ShimbunJapan
83%
Cānkǎo XiāoxīChina
76%
BildGermany
76%
De TelegraafNetherlands
71%
Correio da ManhãPortugal
68%
Herald SunAustralia
63%
Chosun IlboSouth Korea
61%
Corriere della SeraItaly
56%
HürriyetTurkey
56%
PhileleftherosCyprus
51%
Al-AhramEgypt
49%
Dainik BhaskarIndia
46%
The Straits TimesSingapore
41%
AftenpostenNorway
37%
The Sunday TimesSouth Africa
34%
ClarínArgentina
29%
Daily NationKenya
12%

Score Distribution

Percentile by Number Answered

Percent of People with Each Score

Your Score History

You have not taken this quiz